Podľa centrálnej banky budú rásť ceny o niečo pomalšie

Rast spotrebiteľských cien v r. 2004 podľa odhadu NBS. Čo bude ovplyvňovať ceny v tomto roku. Najväčšie riziko sa ukrýva v cenách potravín. Centrálna banka v strednodobom horizonte počíta s relatívne vysokým rastom hospodárstva. Predpokladané oživenie investičnej aktivity podnikateľov. Závislosť výš...

Descrizione completa

Salvato in:
Dettagli Bibliografici
Autore principale: Kláseková, Martina
Natura: Capitolo di libro
Lingua:slovacco
Soggetti:
Tags: Aggiungi Tag
Nessun Tag, puoi essere il primo ad aggiungerne!!

MARC

LEADER 00000naa$a2200000$$$4500
001 0004167
005 20231009074646.4
041 0 |a slo 
044 |a SK 
245 1 0 |a Podľa centrálnej banky budú rásť ceny o niečo pomalšie  |c aut. Martina Kláseková 
520 |a Rast spotrebiteľských cien v r. 2004 podľa odhadu NBS. Čo bude ovplyvňovať ceny v tomto roku. Najväčšie riziko sa ukrýva v cenách potravín. Centrálna banka v strednodobom horizonte počíta s relatívne vysokým rastom hospodárstva. Predpokladané oživenie investičnej aktivity podnikateľov. Závislosť výšky úrokových sadzieb. 
610 2 0 |a ceny 
610 2 0 |a ceny spotrebiteľské 
610 2 0 |a potraviny 
610 2 0 |a inflácia 
610 2 0 |a rast hospodársky 
610 2 0 |a investície 
610 2 0 |a sadzby úrokové 
610 2 0 |a NBS Bratislava 
610 2 0 |a 2004 
100 1 |a Kláseková, Martina